[Event "Titled Tuesday intern op 16th Apr Late"]
[Site "Chess.com INT"]
[Date "2024.04.16"]
[Round "10"]
[White "Garcia Cuenca, Victor Manuel"]
[Black "Deac, Bogdan Daniel"]
[Result "0-1"]
[WhiteElo "2299"]
[BlackElo "2692"]
[PlyCount "106"]
[EventDate "2024.04.16"]
[EventType "swiss (blitz)"]
[EventRounds "11"]
[EventCountry "USA"]
[SourceTitle "CB17_2024"]
[SourceDate "2024.04.24"]
[SourceVersion "1"]
[SourceVersionDate "2024.04.24"]
[SourceQuality "1"]

1. d4 Nf6 2. c4 e6 3. Nc3 Bb4 4. e3 0-0 5. Bd3 d5 6. Nf3 c5 7. 0-0 dxc4 8. Bxc4 Nc6 9. a3 Ba5 10. Na4 cxd4 11. exd4 a6 12. b4 Bc7 13. Nc5 b6 14. Nxa6 Bxa6 15. Bxa6 Rxa6 16. b5 Ra5 17. bxc6 Qd5 18. Bd2 Ra7 19. Bb4 Bd6 20. Rc1 Rc8 21. Ne5 Bxe5 22. dxe5 Qxe5 23. Qd2 Nd5 24. Rc2 Qf4 25. Qd3 Rac7 26. Rfc1 Rxc6 27. Bd2 Rxc2 28. Rxc2 Qb8 29. g3 h6 30. h4 Qa8 31. Rxc8+ Qxc8 32. h5 Qc6 33. Qb3 b5 34. Be3 Nf6 35. Bd4 Nxh5 36. Qd1 Qd5 37. Qg4 Qc4 38. Qxh5 Qxd4 39. Qxb5 Qa1+ 40. Kg2 Qxa3 41. Qe8+ Qf8 42. Qd7 g6 43. Kg1 h5 44. Qc7 Qa8 45. Qe7 Qa1+ 46. Kg2 Kg7 47. Qd7 Qe5 48. Kg1 Qf6 49. Qe8 h4 50. gxh4 Qxh4 51. Kf1 Qf4 52. Qd7 e5 53. Ke2 Qc4+ 0-1

[Event "Titled Tuesday intern op 16th Apr Late"]
[Site "Chess.com INT"]
[Date "2024.04.16"]
[Round "11"]
[White "Garcia Cuenca, Victor Manuel"]
[Black "Galaktionov, Artem"]
[Result "0-1"]
[WhiteElo "2299"]
[BlackElo "2338"]
[PlyCount "38"]
[EventDate "2024.04.16"]
[EventType "swiss (blitz)"]
[EventRounds "11"]
[EventCountry "USA"]
[SourceTitle "CB17_2024"]
[SourceDate "2024.04.24"]
[SourceVersion "1"]
[SourceVersionDate "2024.04.24"]
[SourceQuality "1"]

1. d4 c6 2. Nf3 d6 3. e3 g6 4. c4 Bg7 5. Nc3 Nd7 6. g3 Ngf6 7. Bg2 0-0 8. 0-0 e5 9. dxe5 dxe5 10. b3 Re8 11. Bb2 Qc7 12. Qc2 Nc5 13. Rad1 Bf5 14. e4 Nfxe4 15. Nh4 Nxg3 16. Nxf5 Nxf5 17. Ba3 Ne6 18. Ne4 Nfd4 19. Qc3 Ne2+ 0-1

[Event "Titled Tuesday intern op 16th Apr Late"]
[Site "Chess.com INT"]
[Date "2024.04.16"]
[Round "7"]
[White "Garcia Cuenca, Victor Manuel"]
[Black "Rosen, Eric S"]
[Result "1-0"]
[WhiteElo "2299"]
[BlackElo "2361"]
[PlyCount "63"]
[EventDate "2024.04.16"]
[EventType "swiss (blitz)"]
[EventRounds "11"]
[EventCountry "USA"]
[SourceTitle "CB17_2024"]
[SourceDate "2024.04.24"]
[SourceVersion "1"]
[SourceVersionDate "2024.04.24"]
[SourceQuality "1"]

1. d4 d5 2. Nf3 Nf6 3. e3 c5 4. dxc5 e6 5. a3 Bxc5 6. b4 Be7 7. c4 0-0 8. Bb2 a5 9. b5 b6 10. Nc3 Bb7 11. cxd5 Nxd5 12. Nxd5 Bxd5 13. Nd4 Bf6 14. Bd3 Nd7 15. 0-0 Nc5 16. Bc2 Rc8 17. Rc1 g6 18. Qg4 Bg7 19. Rfd1 Qe7 20. Bb1 Nd7 21. e4 Ne5 22. Qe2 Bc4 23. Qe3 Rfd8 24. h3 g5 25. a4 h6 26. Ba3 Qf6 27. Nc6 Nxc6 28. bxc6 Rxd1+ 29. Rxd1 Rxc6 30. e5 Qxe5 31. Rd8+ Bf8 32. Qxe5 1-0

[Event "Titled Tuesday intern op 12th Sep Late"]
[Site "Chess.com INT"]
[Date "2023.09.12"]
[Round "1"]
[White "Garcia Cuenca, Victor Manuel"]
[Black "Garayev, Kanan Farzali Oglu"]
[Result "1-0"]
[WhiteElo "2302"]
[BlackElo "2356"]
[PlyCount "129"]
[EventDate "2023.09.12"]
[EventType "swiss (blitz)"]
[EventRounds "11"]
[EventCountry "USA"]
[SourceTitle "EXT 2024"]
[Source "ChessBase"]
[SourceDate "2023.10.10"]
[SourceVersion "1"]
[SourceVersionDate "2023.10.10"]
[SourceQuality "1"]

1. d4 Nf6 2. Nf3 e6 3. e3 d5 4. c4 c5 5. cxd5 exd5 6. Nc3 Nc6 7. Be2 cxd4 8. Nxd4 Bd6 9. 0-0 0-0 10. b3 Nxd4 11. Qxd4 Qc7 12. Nb5 Qe7 13. Nxd6 Qxd6 14. Bb2 Bf5 15. Rac1 a6 16. g4 Be6 17. g5 Ne8 18. f4 f6 19. h4 Rf7 20. Bf3 Rd8 21. Bg2 Re7 22. h5 Nc7 23. a4 Bf7 24. Rcd1 Bxh5 25. Rd2 fxg5 26. fxg5 Rf8 27. Rxf8+ Kxf8 28. Bc3 Ne6 29. Bb4 Nxd4 30. Bxd6 Nf5 31. Bxe7+ Kxe7 32. Rxd5 Bg6 33. e4 Nd6 34. e5 Nf5 35. Rc5 Ke6 36. Bh3 h6 37. gxh6 gxh6 38. Kf2 Ke7 39. Bxf5 Bxf5 40. Ke3 Kd7 41. Kf4 Be6 42. b4 h5 43. Kg5 Bb3 44. a5 Ke6 45. Rc7 Bd5 46. Rh7 Kxe5 47. Rxh5 Kd4 48. Kf6 Kc4 49. Ke7 Bc6 50. Rh4+ Kb5 51. Kd6 Bg2 52. Rf4 Bc6 53. Ke5 Bh1 54. Kd6 Bc6 55. Ke5 Ka4 56. Rd4 Kb3 57. Kd6 Kc3 58. Kc5 Kb3 59. Rf4 Bb5 60. Rf6 Bc6 61. Rxc6 bxc6 62. Kxc6 Kxb4 63. Kb6 Kc4 64. Kxa6 Kb4 65. Kb6 1-0

[Event "Titled Tuesday intern op 05th Sep Late"]
[Site "Chess.com INT"]
[Date "2023.09.05"]
[Round "1"]
[White "Dimitrov, Atanas Valtchev"]
[Black "Garcia Cuenca, Victor Manuel"]
[Result "1-0"]
[WhiteElo "2269"]
[BlackElo "2302"]
[PlyCount "75"]
[EventDate "2023.09.05"]
[EventType "swiss (blitz)"]
[EventRounds "11"]
[EventCountry "USA"]
[SourceTitle "EXT 2024"]
[Source "ChessBase"]
[SourceDate "2023.10.10"]
[SourceVersion "1"]
[SourceVersionDate "2023.10.10"]
[SourceQuality "1"]

1. Nf3 Nf6 2. c4 c5 3. g3 Nc6 4. Bg2 g6 5. 0-0 Bg7 6. Nc3 0-0 7. d4 cxd4 8. Nxd4 Nxd4 9. Qxd4 d6 10. Rd1 Be6 11. Qd3 Rc8 12. b3 Bf5 13. Qe3 Qa5 14. Bb2 Ng4 15. Qd2 Qc5 16. e3 Qc7 17. Nd5 Qd7 18. Bxg7 Kxg7 19. Qd4+ Kg8 20. Qxa7 Ra8 21. Qd4 Qd8 22. c5 e5 23. Qb4 dxc5 24. Qxc5 Qg5 25. h3 Nh6 26. Ne7+ Kh8 27. Qxe5+ f6 28. Qb2 Rfe8 29. Nd5 Kg7 30. Nc7 Rad8 31. Nxe8+ Rxe8 32. Rac1 Re7 33. Qd4 Nf7 34. Qb4 Re8 35. Qxb7 h5 36. Rc7 Be6 37. Re7 Rxe7 38. Qxe7 1-0

[Event "Titled Tuesday intern op 18th Jul Late"]
[Site "Chess.com INT"]
[Date "2023.07.18"]
[Round "2"]
[White "Garcia Cuenca, Victor Manuel"]
[Black "Adewumi, Tanitoluwa"]
[Result "1-0"]
[WhiteElo "2311"]
[BlackElo "2276"]
[PlyCount "59"]
[EventDate "2023.07.18"]
[EventType "swiss (blitz)"]
[EventRounds "11"]
[EventCountry "USA"]
[SourceTitle "EXT 2024"]
[Source "ChessBase"]
[SourceDate "2023.10.10"]
[SourceVersion "1"]
[SourceVersionDate "2023.10.10"]
[SourceQuality "1"]

1. Nf3 Nf6 2. e3 g6 3. d4 Bg7 4. Be2 0-0 5. 0-0 d6 6. h3 Nc6 7. c4 e5 8. Nc3 Re8 9. b3 Bf5 10. Bb2 Ne4 11. Rc1 exd4 12. exd4 Bh6 13. Ra1 Bg7 14. Rc1 Qe7 15. Nd5 Qd8 16. b4 Be6 17. a3 Bxd5 18. cxd5 Ne7 19. Bc4 Nf6 20. Qb3 Qd7 21. a4 a6 22. b5 Qf5 23. g4 Qe4 24. Rce1 axb5 25. axb5 Qf4 26. Bc1 Nfxd5 27. Bxf4 Nxf4 28. Bxf7+ Kh8 29. Bxe8 Rxe8 30. Qf7 1-0

[Event "Titled Tuesday intern op 18th Jul Late"]
[Site "Chess.com INT"]
[Date "2023.07.18"]
[Round "1"]
[White "Omelja, Artem"]
[Black "Garcia Cuenca, Victor Manuel"]
[Result "0-1"]
[WhiteElo "2457"]
[BlackElo "2311"]
[PlyCount "80"]
[EventDate "2023.07.18"]
[EventType "swiss (blitz)"]
[EventRounds "11"]
[EventCountry "USA"]
[SourceTitle "EXT 2024"]
[Source "ChessBase"]
[SourceDate "2023.10.10"]
[SourceVersion "1"]
[SourceVersionDate "2023.10.10"]
[SourceQuality "1"]

1. e4 e6 2. d3 d5 3. Nd2 Nc6 4. Ngf3 Bc5 5. c3 dxe4 6. dxe4 e5 7. b4 Bd6 8. Bb5 Nf6 9. 0-0 0-0 10. h3 Ne7 11. Qc2 a6 12. Ba4 b5 13. Bb3 Ng6 14. Re1 Qe7 15. a3 c5 16. bxc5 Bxc5 17. Nf1 Bb7 18. Ng3 Rac8 19. a4 b4 20. c4 Qc7 21. a5 Rfd8 22. Bg5 Qc6 23. Ba4 Qe6 24. Rad1 h6 25. Bxf6 Qxf6 26. Rxd8+ Rxd8 27. Rd1 Rxd1+ 28. Qxd1 Nf4 29. Nf5 Bxe4 30. Ne3 Nxh3+ 31. Kf1 Ng5 32. Nxg5 hxg5 33. Qe2 Qg6 34. Bc2 Bxe3 35. Bxe4 Qxe4 36. fxe3 b3 37. Qd2 Qc2 38. Qd7 b2 39. Qc8+ Kh7 40. Qh3+ Kg6 0-1

[Event "Titled Tuesday intern op 04th Jul Late"]
[Site "Chess.com INT"]
[Date "2023.07.04"]
[Round "4"]
[White "Garcia Cuenca, Victor Manuel"]
[Black "Shapiro, Viktor"]
[Result "1/2-1/2"]
[WhiteElo "2311"]
[BlackElo "2144"]
[PlyCount "158"]
[EventDate "2023.07.04"]
[EventType "swiss (blitz)"]
[EventRounds "11"]
[EventCountry "USA"]
[SourceTitle "EXT 2024"]
[Source "ChessBase"]
[SourceDate "2023.10.10"]
[SourceVersion "1"]
[SourceVersionDate "2023.10.10"]
[SourceQuality "1"]

1. Nf3 Nf6 2. e3 d5 3. d4 Bf5 4. c4 c6 5. Nc3 e6 6. Qb3 Qb6 7. Bd2 Nbd7 8. Be2 Be7 9. 0-0 h6 10. h3 0-0 11. Rfc1 Rfe8 12. Na4 Qc7 13. Bb4 dxc4 14. Bxc4 Bxb4 15. Qxb4 Rac8 16. Bb3 Qb8 17. Nc5 b6 18. Nxd7 Nxd7 19. Qe1 Be4 20. Nd2 Bd5 21. Bc2 e5 22. Bf5 Be6 23. Bxe6 Rxe6 24. Nf3 c5 25. d5 Ree8 26. e4 c4 27. Qb4 b5 28. a4 a6 29. axb5 Qxb5 30. Qc3 Rc5 31. Nd2 Rec8 32. Ra2 Qb7 33. Rca1 Nb8 34. Qxe5 Qb4 35. Qc3 Qxc3 36. bxc3 f5 37. f3 fxe4 38. fxe4 Re8 39. Ra4 Rec8 40. Rb4 a5 41. Rb7 Na6 42. Ra4 Nc7 43. d6 Ne6 44. d7 Rd8 45. Rxc4 Kf7 46. Ra4 Rxc3 47. Nf3 Rc5 48. Ra7 Ke7 49. R4xa5 Rxa5 50. Rxa5 Rxd7 51. Ne5 Rc7 52. Ra6 Kf6 53. Nf3 Ke7 54. Nh4 Kf7 55. Nf5 h5 56. Ng3 g6 57. e5 Rc4 58. Ra7+ Nc7 59. Ne2 Ke6 60. Kf2 Kxe5 61. Ng3 Ne6 62. Ne2 Rc2 63. Ra5+ Kf6 64. Ra6 Rc5 65. Rb6 Rd5 66. Rxe6+ Kxe6 67. Nf4+ Ke5 68. Nxd5 Kxd5 69. Kg3 Ke5 70. Kh4 Kf6 71. g4 hxg4 72. hxg4 Kf7 73. Kg3 Kf6 74. Kf4 g5+ 75. Ke4 Ke6 76. Kd4 Kd6 77. Ke4 Ke6 78. Kd4 Kd6 79. Ke4 Ke6 1/2-1/2

[Event "Titled Tuesday intern op 13th Jun Early"]
[Site "Chess.com INT"]
[Date "2023.06.13"]
[Round "8"]
[White "Maevsky, Nikolay"]
[Black "Garcia Cuenca, Victor Manuel"]
[Result "1-0"]
[WhiteElo "2277"]
[BlackElo "2311"]
[PlyCount "175"]
[EventDate "2023.06.13"]
[EventType "swiss (blitz)"]
[EventRounds "11"]
[EventCountry "USA"]
[SourceTitle "EXT 2024"]
[Source "ChessBase"]
[SourceDate "2023.10.10"]
[SourceVersion "1"]
[SourceVersionDate "2023.10.10"]
[SourceQuality "1"]

1. d4 Nf6 2. c4 e6 3. Nc3 Bb4 4. f3 d5 5. a3 Be7 6. e4 dxe4 7. fxe4 e5 8. d5 0-0 9. Nf3 Bg4 10. Be2 Nbd7 11. 0-0 a5 12. Kh1 Bxf3 13. Bxf3 h6 14. Rb1 Bc5 15. b4 axb4 16. axb4 Bd4 17. Nb5 Bb6 18. c5 c6 19. Nd6 Qc7 20. dxc6 bxc6 21. cxb6 Nxb6 22. Nf5 Kh7 23. Qe1 Ra2 24. Qh4 Ng8 25. Qg3 f6 26. Bh5 Rfa8 27. Qg6+ Kh8 28. Be3 Nc4 29. Rbc1 Nxe3 30. Nxe3 Qb6 31. Nf5 R8a7 32. Nh4 Qxb4 33. Qg4 Ne7 34. Ng6+ Nxg6 35. Bxg6 Ra8 36. Rxc6 Qf8 37. h4 Ra1 38. Rxa1 Rxa1+ 39. Kh2 Ra8 40. h5 Qd8 41. Qe6 Qf8 42. Rc7 Qg8 43. Qd7 Qf8 44. Bf5 Rd8 45. Qe7 Qxe7 46. Rxe7 Kg8 47. Bg6 Kf8 48. Rf7+ Kg8 49. Ra7 Kf8 50. Kh3 Rd3+ 51. Kg4 Rd8 52. Kf5 Rb8 53. Rf7+ Kg8 54. Rd7 Kf8 55. Ke6 Rb6+ 56. Rd6 Rb8 57. Kf5 Ra8 58. g3 Rb8 59. Rd7 Ra8 60. Ke6 Ra6+ 61. Kd5 Ra5+ 62. Kc6 Ra8 63. Rf7+ Kg8 64. Kb7 Ra1 65. Rc7 Rb1+ 66. Ka8 Ra1+ 67. Kb8 Rb1+ 68. Kc8 Ra1 69. Kd8 Ra8+ 70. Rc8 Rxc8+ 71. Kxc8 Kf8 72. Kd7 Kg8 73. Ke6 Kf8 74. Kf5 Kg8 75. Be8 Kh8 76. Bd7 Kg8 77. Kg6 Kh8 78. Kf7 Kh7 79. Bf5+ Kh8 80. Bg6 f5 81. exf5 e4 82. f6 gxf6 83. Bxe4 f5 84. Bg2 Kh7 85. Kf6 Kg8 86. Kg6 Kh8 87. Kxh6 f4 88. gxf4 1-0

[Event "Titled Tuesday intern op 06th Jun Early"]
[Site "Chess.com INT"]
[Date "2023.06.06"]
[Round "2"]
[White "Antonova, Nadezhda"]
[Black "Garcia Cuenca, Victor Manuel"]
[Result "1/2-1/2"]
[WhiteElo "1945"]
[BlackElo "2311"]
[PlyCount "73"]
[EventDate "2023.06.06"]
[EventType "swiss (blitz)"]
[EventRounds "11"]
[EventCountry "USA"]
[SourceTitle "EXT 2024"]
[Source "ChessBase"]
[SourceDate "2023.10.10"]
[SourceVersion "1"]
[SourceVersionDate "2023.10.10"]
[SourceQuality "1"]

1. Nf3 d6 2. b3 Nf6 3. Bb2 e5 4. g3 g6 5. Bg2 Bg7 6. 0-0 0-0 7. c4 Nc6 8. d3 a5 9. a3 h6 10. Nc3 Bf5 11. Nd2 Qd7 12. Re1 Bh3 13. Bh1 Nh5 14. Nd5 f5 15. e3 f4 16. exf4 exf4 17. Bxg7 Kxg7 18. Ne4 Rf7 19. Qd2 Raf8 20. Qc3+ Kh7 21. Ra2 Ne5 22. d4 Ng4 23. Qxa5 fxg3 24. hxg3 Nxg3 25. Nxg3 Rxf2 26. Rxf2 Rxf2 27. Qxc7 Qxc7 28. Nxc7 Rb2 29. b4 h5 30. Bxb7 h4 31. Ne4 Rg2+ 32. Kh1 Kh6 33. Ne6 Rh2+ 34. Kg1 Rg2+ 35. Kh1 Rh2+ 36. Kg1 Rg2+ 37. Kh1 1/2-1/2

[Event "Titled Tuesday intern op 06th Jun Late"]
[Site "Chess.com INT"]
[Date "2023.06.06"]
[Round "8"]
[White "Garcia Cuenca, Victor Manuel"]
[Black "Aldokhin, Ivan"]
[Result "0-1"]
[WhiteElo "2311"]
[BlackElo "2413"]
[PlyCount "142"]
[EventDate "2023.06.06"]
[EventType "swiss (blitz)"]
[EventRounds "11"]
[EventCountry "USA"]
[SourceTitle "EXT 2024"]
[Source "ChessBase"]
[SourceDate "2023.10.10"]
[SourceVersion "1"]
[SourceVersionDate "2023.10.10"]
[SourceQuality "1"]

1. Nf3 Nf6 2. g3 g6 3. Bg2 Bg7 4. 0-0 0-0 5. b3 d6 6. Bb2 e5 7. c4 Nc6 8. Nc3 Bg4 9. h3 Bd7 10. d4 exd4 11. Nxd4 Re8 12. Nc2 h5 13. Qd2 Qc8 14. Kh2 h4 15. g4 Ne5 16. Ne3 Bh6 17. f4 Nexg4+ 18. Nxg4 Bxg4 19. hxg4 Nxg4+ 20. Kg1 Ne3 21. Rf3 Nxg2 22. Kxg2 c6 23. Kf2 Qg4 24. Rg1 Qh5 25. Qd3 Bg7 26. Ba1 d5 27. cxd5 Rad8 28. Rg5 Qh8 29. f5 Qh6 30. Rg4 g5 31. f6 Bxf6 32. Qd2 cxd5 33. Rf5 d4 34. Rfxg5+ Bxg5 35. Qxg5+ Qxg5 36. Rxg5+ Kf8 37. Nb5 Re4 38. Bb2 a6 39. Ba3+ Ke8 40. Nd6+ Rxd6 41. Bxd6 Kd7 42. Bh2 Ke6 43. Rh5 f5 44. Rh6+ Kd5 45. Rd6+ Kc5 46. Rd7 b5 47. Rf7 Kb4 48. Bd6+ Kc3 49. Rxf5 Kd2 50. Rd5 Rxe2+ 51. Kf3 d3 52. Bf4+ Kc2 53. Rc5+ Kb2 54. Rd5 Kc3 55. Rc5+ Kb2 56. Rc6 Rc2 57. Rd6 Kc3 58. Rc6+ Kb2 59. Rd6 h3 60. Kg3 h2 61. Rh6 d2 62. Bxd2 Rxd2 63. Kf3 Kxa2 64. Ke3 Rb2 65. Kd4 Kxb3 66. Kc5 b4 67. Rh3+ Ka2 68. Kb6 b3 69. Ka5 Rg2 70. Ka4 b2 71. Rxh2 Rxh2 0-1

[Event "Titled Tuesday intern op 06th Jun Early"]
[Site "Chess.com INT"]
[Date "2023.06.06"]
[Round "3"]
[White "Garcia Cuenca, Victor Manuel"]
[Black "Antonio, Jorge Carlos"]
[Result "1-0"]
[WhiteElo "2311"]
[BlackElo "2277"]
[PlyCount "73"]
[EventDate "2023.06.06"]
[EventType "swiss (blitz)"]
[EventRounds "11"]
[EventCountry "USA"]
[SourceTitle "EXT 2024"]
[Source "ChessBase"]
[SourceDate "2023.10.10"]
[SourceVersion "1"]
[SourceVersionDate "2023.10.10"]
[SourceQuality "1"]

1. Nf3 d5 2. b3 c6 3. Bb2 Nf6 4. e3 Bg4 5. Be2 Bxf3 6. Bxf3 e6 7. 0-0 Be7 8. d3 0-0 9. Nd2 Nbd7 10. e4 Qc7 11. g3 Rac8 12. Qe2 dxe4 13. dxe4 Ne5 14. Bg2 Ng6 15. f4 Rfd8 16. Nf3 Qb6+ 17. Kh1 Ng4 18. Bc1 Bc5 19. h3 Ne3 20. Bxe3 Bxe3 21. Rad1 Bxf4 22. gxf4 Nxf4 23. Rxd8+ Rxd8 24. Qf2 Nxg2 25. Qxb6 axb6 26. Kxg2 b5 27. Kf2 b4 28. Ke2 Ra8 29. Rd1 Kf8 30. Rd7 Rxa2 31. Kd2 Ra7 32. Ne5 Ra5 33. Nc4 Rh5 34. Nd6 f6 35. Rf7+ Kg8 36. Rxb7 Rxh3 37. Rb8# 1-0

[Event "Titled Tuesday intern op 06th Jun Early"]
[Site "Chess.com INT"]
[Date "2023.06.06"]
[Round "9"]
[White "Garcia Cuenca, Victor Manuel"]
[Black "Machidon, Cristi"]
[Result "0-1"]
[WhiteElo "2311"]
[BlackElo "2313"]
[PlyCount "50"]
[EventDate "2023.06.06"]
[EventType "swiss (blitz)"]
[EventRounds "11"]
[EventCountry "USA"]
[SourceTitle "EXT 2024"]
[Source "ChessBase"]
[SourceDate "2023.10.10"]
[SourceVersion "1"]
[SourceVersionDate "2023.10.10"]
[SourceQuality "1"]

1. Nf3 c5 2. g3 d5 3. Bg2 Nc6 4. 0-0 g6 5. d3 Bg7 6. c4 dxc4 7. dxc4 Qxd1 8. Rxd1 Be6 9. Nc3 Bxc4 10. Be3 Bxc3 11. bxc3 Nf6 12. Bxc5 Ne4 13. Ne5 Nxc5 14. Nxc6 e6 15. Na5 Ba6 16. Rab1 Rb8 17. Nc6 Ra8 18. Nd4 Ke7 19. Nb3 Na4 20. Rdc1 Rac8 21. Na5 Nxc3 22. Rxc3 Rxc3 23. Bxb7 Rb8 24. Rb4 Bxb7 25. Nxb7 Rc7 0-1